Biology for NEET / (Record no. 153359)

MARC details
000 -LEADER
fixed length control field 00768nam a22002177a 4500
005 - DATE AND TIME OF LATEST TRANSACTION
control field 20180704142037.0
010 ## - LCCN (DPL NO)
LC control number ENG-123372-73
020 ## - INTERNATIONAL STANDARD BOOK NUMBER
Terms of availability 395.00 (vol. 1)
International Standard Book Number 9789352833788
020 ## - INTERNATIONAL STANDARD BOOK NUMBER
Terms of availability 330.00 (vol. 2)
International Standard Book Number 9789352833795
035 ## - SYSTEM CONTROL NUMBER
System control number EN-106904-05
037 ## - SOURCE OF ACQUISITION
Source of stock number/acquisition DBAD/PUB
082 ## - DEWEY DECIMAL CLASSIFICATION NUMBER
Classification number 570
245 00 - TITLE STATEMENT
Title Biology for NEET /
Statement of responsibility, etc comp. by A. Chand Experts
260 ## - PUBLICATION, DISTRIBUTION, ETC. (IMPRINT)
Place of publication, distribution, etc New Delhi
Name of publisher, distributor, etc S. Chand and Company
Date of publication, distribution, etc 2018
270 ## - ADDRESS
Address 7361, Ram Nagar,
City New Delhi
Postal code 110055
300 ## - PHYSICAL DESCRIPTION
Extent 2 vols. (various paging)
Dimensions 27cm(pbk)
Other physical details ill.
490 ## - SERIES STATEMENT
Series statement objectivse series
500 ## - GENERAL NOTE
General note It includes vol.1 & 2 practice sets- 1 to 5 and test papers- 1 to 5<br/>
505 ## - FORMATTED CONTENTS NOTE
Formatted contents note Vol. 1 - Diversity in the living world<br/>Vol. 2 - Reproduction
942 ## - ADDED ENTRY ELEMENTS (KOHA)
Source of classification or shelving scheme Dewey Decimal Classification
Item type English Books
Call number suffix BIO
Classification part 570
Holdings
Withdrawn status Lost status Materials specified (bound volume or other part) Not for loan Collection code Home library Current library Date acquired Source of acquisition Cost, normal purchase price Full call number Barcode Copy number Cost, replacement price Koha item type
    vol.1 Not For Loan Non-fiction D.B.Act.Division Central Library 04/07/2018 DBAD/PUB 395.00 570 BIO EN-106904 1 395.00 English Books
    vol.2 Not For Loan Non-fiction D.B.Act.Division Central Library 04/07/2018 DBAD/PUB 330.00 570 BIO EN-106905 1 330.00 English Books

© Delhi Public Library
Hit Counter
free hit counter